[Event "BUL-chT GpA 63rd"]
[Site "Sunny Beach"]
[Date "2013.09.20"]
[Round "2.5"]
[White "Enchev, Ivajlo"]
[Black "Velchev, Hristo"]
[Result "1-0"]
[WhiteElo "2445"]
[BlackElo "2309"]
[PlyCount "77"]
[EventDate "2013.09.19"]
[EventType "team-tourn"]
[EventRounds "7"]
[EventCountry "BUL"]
[SourceTitle "CBM 156 Extra"]
[Source "ChessBase"]
[SourceDate "2013.10.22"]
[SourceVersion "1"]
[SourceVersionDate "2013.10.22"]
[SourceQuality "1"]
[WhiteTeam "Razgrad Abritus"]
[BlackTeam "Vidin Nayden Voynov"]
[WhiteTeamCountry "BUL"]
[BlackTeamCountry "BUL"]

1. d4 d5 2. Nf3 e6 3. c4 c5 4. cxd5 exd5 5. Nc3 Nc6 6. g3 Nf6 7. Bg2 Be7 8. 0-0 0-0 9. Bg5 cxd4 10. Nxd4 h6 11. Be3 Re8 12. Rc1 Bf8 13. Qa4 Na5 14. Rcd1 Bd7 15. Qc2 Bg4 16. h3 Be6 17. Nxe6 fxe6 18. Bc1 Qc7 19. Qg6 Nc6 20. Qc2 Rad8 21. Rfe1 Qf7 22. e4 d4 23. e5 dxc3 24. Rxd8 Rxd8 25. exf6 Qxf6 26. bxc3 Bc5 27. Be3 Bxe3 28. Rxe3 Rf8 29. Qe2 Nd8 30. Be4 Rf7 31. Bc2 Rd7 32. Rf3 Qg5 33. Qe4 Rf7 34. Rd3 Qf6 35. Rd2 Rc7 36. Qh7+ Kf7 37. Rd4 e5 38. Bb3+ Ke7 39. Rg4 1-0

[Event "BUL-chT-A 62nd"]
[Site "Sunny Beach"]
[Date "2012.09.20"]
[Round "2.5"]
[White "Velchev, Hristo"]
[Black "Shivacheva, Donika"]
[Result "1-0"]
[WhiteElo "2315"]
[BlackElo "1724"]
[PlyCount "45"]
[EventDate "2012.09.19"]
[EventType "team-tourn"]
[EventRounds "7"]
[EventCountry "BUL"]
[SourceTitle "CBM 150 Extra"]
[Source "ChessBase"]
[SourceDate "2012.10.19"]
[SourceVersion "1"]
[SourceVersionDate "2012.10.19"]
[SourceQuality "1"]
[WhiteTeam "Vidin Nayden Voynov"]
[BlackTeam "Jambol Tundja"]
[WhiteTeamCountry "BUL"]
[BlackTeamCountry "BUL"]

1. e4 e5 2. Nf3 Nc6 3. Bb5 a6 4. Ba4 Nf6 5. 0-0 Be7 6. Bxc6 dxc6 7. d3 Bg4 8. Nbd2 Bd6 9. Nc4 Qe7 10. Ne3 0-0-0 11. Nxg4 Nxg4 12. h3 Nf6 13. Be3 Nd7 14. a3 Rhg8 15. Nh2 Rdf8 16. Qf3 Qe6 17. Qg4 f5 18. exf5 Rxf5 19. Qc4 Qe8 20. Rae1 Rgf8 21. b4 Nf6 22. g4 Nxg4 23. hxg4 1-0

[Event "BUL-chT 61th"]
[Site "Albena"]
[Date "2011.06.06"]
[Round "5.2"]
[White "Velchev, Hristo"]
[Black "Ninov, Dayan"]
[Result "1/2-1/2"]
[WhiteElo "2322"]
[BlackElo "2090"]
[PlyCount "50"]
[EventDate "2011.06.02"]
[EventType "team-tourn"]
[EventRounds "7"]
[EventCountry "BUL"]
[SourceTitle "CBM 142 Extra"]
[Source "ChessBase"]
[SourceDate "2011.06.27"]
[SourceVersion "1"]
[SourceVersionDate "2011.06.27"]
[SourceQuality "1"]
[WhiteTeam "Vidin Nayden Voynov"]
[BlackTeam "Maritsa Iztok Radnevo"]
[WhiteTeamCountry "BUL"]
[BlackTeamCountry "BUL"]

1. e4 Nf6 2. e5 Nd5 3. d4 d6 4. c4 Nb6 5. exd6 cxd6 6. Nc3 g6 7. Be3 Bg7 8. Rc1 0-0 9. b3 e5 10. dxe5 dxe5 11. Qxd8 Rxd8 12. c5 N6d7 13. Bc4 Nc6 14. Nf3 Nf8 15. Ng5 Rd7 16. 0-0 h6 17. Nge4 Nd4 18. f4 Nf5 19. Bf2 exf4 20. Nd5 Rd8 21. Nxf4 Be5 22. Nd3 Bg7 23. Nf4 Be5 24. Nd3 Bg7 25. Nf4 Be5 1/2-1/2

[Event "Bansko op"]
[Site "Bansko"]
[Date "2010.12.18"]
[Round "8"]
[White "Pavlidis, Anastasios"]
[Black "Velchev, Hristo"]
[Result "1/2-1/2"]
[WhiteElo "2352"]
[BlackElo "2322"]
[PlyCount "50"]
[EventDate "2010.12.13"]
[EventType "swiss"]
[EventRounds "9"]
[EventCountry "BUL"]
[SourceTitle "CBM 139 Extra"]
[Source "ChessBase"]
[SourceDate "2011.01.05"]
[SourceVersion "1"]
[SourceVersionDate "2011.01.05"]
[SourceQuality "1"]

1. d4 d5 2. c4 e6 3. Nc3 c5 4. cxd5 exd5 5. Nf3 Nc6 6. dxc5 d4 7. Na4 Bxc5 8. Nxc5 Qa5+ 9. Qd2 Qxc5 10. e3 dxe3 11. Qxe3+ Qxe3+ 12. Bxe3 Nf6 13. Bc5 Be6 14. 0-0-0 Ne4 15. Be3 0-0 16. Kb1 Nf6 17. Nd4 Nxd4 18. Bxd4 Rfd8 19. Be2 Nd5 20. b3 Nf4 21. Bf3 Bd5 22. Bxd5 Nxd5 23. Rd2 Rd7 24. Rc1 Rad8 25. Bb2 f6 1/2-1/2

[Event "Bansko op"]
[Site "Bansko"]
[Date "2010.12.13"]
[Round "1"]
[White "Velchev, Hristo"]
[Black "Kioutsoukos, Dimitrios"]
[Result "1-0"]
[WhiteElo "2322"]
[BlackElo "1617"]
[PlyCount "69"]
[EventDate "2010.12.13"]
[EventType "swiss"]
[EventRounds "9"]
[EventCountry "BUL"]
[SourceTitle "CBM 139 Extra"]
[Source "ChessBase"]
[SourceDate "2011.01.05"]
[SourceVersion "1"]
[SourceVersionDate "2011.01.05"]
[SourceQuality "1"]

1. e4 c5 2. Nf3 d6 3. Bb5+ Bd7 4. Bxd7+ Qxd7 5. 0-0 Nc6 6. c3 Nf6 7. Re1 g6 8. d4 cxd4 9. cxd4 d5 10. e5 Ne4 11. Nbd2 Nxd2 12. Bxd2 Bg7 13. Bf4 0-0 14. Qd2 Rac8 15. Bh6 e6 16. Bg5 Ne7 17. Bf6 Nf5 18. g4 Ne7 19. h4 Rc6 20. h5 h6 21. Kg2 Kh7 22. Rh1 g5 23. Qd3+ Kh8 24. Bxg5 f6 25. exf6 Bxf6 26. Bxf6+ Rxf6 27. Ne5 Qe8 28. Nxc6 Nxc6 29. Qe3 e5 30. dxe5 Qxe5 31. Qxe5 Nxe5 32. f3 Kg7 33. Rad1 Nc4 34. Rhe1 Kf7 35. Rxd5 1-0

[Event "EU-Cup 26th"]
[Site "Plovdiv"]
[Date "2010.10.21"]
[Round "5.5"]
[White "Ledger, Dave J"]
[Black "Velchev, Hristo"]
[Result "1/2-1/2"]
[WhiteElo "2234"]
[BlackElo "2319"]
[PlyCount "55"]
[EventDate "2010.10.17"]
[EventType "team-swiss"]
[EventRounds "7"]
[EventCountry "BUL"]
[SourceTitle "CBM 139"]
[Source "ChessBase"]
[SourceDate "2010.11.18"]
[SourceVersion "1"]
[SourceVersionDate "2010.11.18"]
[SourceQuality "1"]
[WhiteTeam "Betsson.com"]
[BlackTeam "Naiden Voinov"]
[WhiteTeamCountry "ENG"]
[BlackTeamCountry "BUL"]

1. e4 c5 2. Nf3 Nc6 3. d4 cxd4 4. Nxd4 Nf6 5. Nc3 e6 6. Ndb5 Bb4 7. a3 Bxc3+ 8. Nxc3 d5 9. exd5 exd5 10. Bd3 0-0 11. 0-0 d4 12. Ne2 Re8 13. Bg5 Qd6 14. Ng3 h6 15. Bxf6 Qxf6 16. Re1 Rxe1+ 17. Qxe1 Bd7 18. Rd1 Rc8 19. Qe4 g6 20. Qd5 Qe6 21. Qxe6 Bxe6 22. Be4 Rd8 23. Ne2 Bd5 24. Bxd5 Rxd5 25. b3 Ra5 26. a4 Rc5 27. Nxd4 Nxd4 28. Rxd4 1/2-1/2

[Event "EU-Cup 26th"]
[Site "Plovdiv"]
[Date "2010.10.17"]
[Round "1.5"]
[White "Velchev, Hristo"]
[Black "Keler, Faruk"]
[Result "1-0"]
[WhiteElo "2319"]
[BlackElo "2226"]
[PlyCount "122"]
[EventDate "2010.10.17"]
[EventType "team-swiss"]
[EventRounds "7"]
[EventCountry "BUL"]
[SourceTitle "CBM 139"]
[Source "ChessBase"]
[SourceDate "2010.11.18"]
[SourceVersion "1"]
[SourceVersionDate "2010.11.18"]
[SourceQuality "1"]
[WhiteTeam "Naiden Voinov"]
[BlackTeam "Manisa Doruk Koleji"]
[WhiteTeamCountry "BUL"]
[BlackTeamCountry "TUR"]

1. e4 c5 2. c3 Nf6 3. e5 Nd5 4. d4 cxd4 5. Nf3 e6 6. cxd4 d6 7. a3 Be7 8. Bd3 Nc6 9. 0-0 0-0 10. Qe2 Bd7 11. Qe4 f5 12. exf6 Nxf6 13. Qh4 Qe8 14. Nc3 d5 15. Ne5 Bc8 16. Bg5 Nh5 17. Bxe7 Nxe7 18. Bb5 Nc6 19. g3 Nf6 20. Rfe1 a6 21. Bd3 g6 22. Rac1 Nxe5 23. Rxe5 Qf7 24. Rc2 Bd7 25. Bf1 Qg7 26. Bh3 Rae8 27. Rce2 h6 28. f4 Nh7 29. Qg4 g5 30. fxg5 Nxg5 31. Bg2 Nf7 32. Qxg7+ Kxg7 33. R5e3 Nd6 34. Bh3 Nc4 35. Rd3 Bc8 36. Na4 Rf7 37. Rb3 Na5 38. Rbe3 Nc4 39. Rb3 Na5 40. Rc3 Nc4 41. Nc5 e5 42. Bxc8 Rxc8 43. b3 exd4 44. Ne6+ Kg8 45. Nxd4 Nd6 46. Rxc8+ Nxc8 47. Re8+ Rf8 48. Re6 Kh7 49. Kg2 Rf7 50. h3 Re7 51. Kf3 Rxe6 52. Nxe6 Nd6 53. Ke3 Nf5+ 54. Kf4 Kg6 55. g4 Nd6 56. Ke5 Ne4 57. h4 Nd2 58. h5+ Kh7 59. Nd4 Ne4 60. Nf3 Nc3 61. a4 a5 1-0

[Event "BUL-ch op 32th"]
[Site "Plovdiv"]
[Date "2010.02.01"]
[Round "3"]
[White "Velchev, Hristo"]
[Black "Petrov, Marian"]
[Result "0-1"]
[WhiteElo "2298"]
[BlackElo "2500"]
[PlyCount "96"]
[EventDate "2010.01.31"]
[EventType "swiss"]
[EventRounds "9"]
[EventCountry "BUL"]
[SourceTitle "CBM 134 Extra"]
[Source "ChessBase"]
[SourceDate "2010.03.03"]
[SourceVersion "1"]
[SourceVersionDate "2010.03.03"]
[SourceQuality "1"]

1. e4 g6 2. d4 Bg7 3. Nc3 c6 4. Bc4 d6 5. Qf3 e6 6. Nge2 Nd7 7. Bf4 Qe7 8. Bb3 Ngf6 9. 0-0-0 e5 10. Bg5 a5 11. Kb1 0-0 12. h4 h6 13. Bc1 b5 14. a3 b4 15. axb4 axb4 16. Na2 exd4 17. Nxd4 Ne5 18. Qg3 c5 19. f4 cxd4 20. fxe5 dxe5 21. Bd2 Nxe4 22. Qxg6 Nxd2+ 23. Rxd2 Ra6 24. Qd3 Rb6 25. Qe4 Be6 26. Nc1 Ra6 27. Bxe6 Qxe6 28. Nb3 f5 29. Qb7 Rfa8 30. Rd3 R8a7 31. Qxb4 Ra1+ 32. Nxa1 Qa2+ 33. Kc1 Qxa1+ 34. Kd2 Qxh1 35. Qb8+ Kh7 36. Qxa7 Qxg2+ 37. Kc1 e4 38. Rd2 Qf3 39. Rd1 Qf4+ 40. Kb1 Qe5 41. Rg1 f4 42. Qf7 f3 43. h5 Qf6 44. Qg6+ Qxg6 45. hxg6+ Kg8 46. Kc1 e3 47. Rh1 Be5 48. Kd1 Bg3 0-1

[Event "Bosnjaci op 15th"]
[Site "Bosnjaci"]
[Date "2010.01.09"]
[Round "9"]
[White "Dabo Peranic, Robert"]
[Black "Velchev, Hristo"]
[Result "0-1"]
[WhiteElo "2315"]
[BlackElo "2298"]
[PlyCount "64"]
[EventDate "2010.01.03"]
[EventType "swiss"]
[EventRounds "9"]
[EventCountry "CRO"]
[SourceTitle "CBM 134 Extra"]
[Source "ChessBase"]
[SourceDate "2010.03.03"]
[SourceVersion "1"]
[SourceVersionDate "2010.03.03"]
[SourceQuality "1"]

1. e4 c5 2. Nf3 d6 3. d4 cxd4 4. Nxd4 Nf6 5. Nc3 a6 6. Be3 e5 7. Nb3 Be6 8. f3 Be7 9. Qd2 0-0 10. 0-0-0 a5 11. Bb5 Na6 12. Qe2 Qc8 13. Kb1 Nc7 14. Ba4 d5 15. exd5 Ncxd5 16. Nxd5 Nxd5 17. Bf2 Qc7 18. Rhe1 Rfc8 19. Bg3 Nb4 20. Rd2 f6 21. a3 Bc4 22. Qd1 b5 23. Rd7 Qc6 24. Rxe7 Nd5 25. Nd4 exd4 26. Bb3 Nxe7 27. Rxe7 Qd5 28. Re4 Bxb3 29. cxb3 d3 30. Bf2 d2 31. Ka2 Rc1 32. Qe2 Ra1+ 0-1

[Event "Bosnjaci op 15th"]
[Site "Bosnjaci"]
[Date "2010.01.07"]
[Round "7"]
[White "Blazeka, Matej"]
[Black "Velchev, Hristo"]
[Result "0-1"]
[WhiteElo "2085"]
[BlackElo "2298"]
[PlyCount "70"]
[EventDate "2010.01.03"]
[EventType "swiss"]
[EventRounds "9"]
[EventCountry "CRO"]
[SourceTitle "CBM 134 Extra"]
[Source "ChessBase"]
[SourceDate "2010.03.03"]
[SourceVersion "1"]
[SourceVersionDate "2010.03.03"]
[SourceQuality "1"]

1. e4 c5 2. b3 g6 3. Bb2 Nf6 4. e5 Nd5 5. Nf3 Bg7 6. Bc4 Nb6 7. 0-0 Nc6 8. Re1 Nxc4 9. bxc4 d6 10. d4 cxd4 11. exd6 Qxd6 12. c3 Bg4 13. Qa4 Bxf3 14. Ba3 Qd7 15. gxf3 Ne5 16. Qxd7+ Kxd7 17. Kg2 e6 18. cxd4 Nxc4 19. Rc1 Rhc8 20. Bc5 b6 21. Na3 bxc5 22. Nxc4 Bxd4 23. Rab1 Rab8 24. Rxb8 Rxb8 25. f4 Kc6 26. Kf3 Kd5 27. Rc2 Rb4 28. Ne3+ Bxe3 29. fxe3 Ra4 30. Rd2+ Kc6 31. e4 c4 32. e5 c3 33. Rc2 Rc4 34. Ke3 h6 35. h4 h5 0-1

[Event "Bosnjaci op 15th"]
[Site "Bosnjaci"]
[Date "2010.01.06"]
[Round "6"]
[White "Velchev, Hristo"]
[Black "Jefic, Srdjan"]
[Result "1/2-1/2"]
[WhiteElo "2298"]
[BlackElo "2095"]
[PlyCount "48"]
[EventDate "2010.01.03"]
[EventType "swiss"]
[EventRounds "9"]
[EventCountry "CRO"]
[SourceTitle "CBM 134 Extra"]
[Source "ChessBase"]
[SourceDate "2010.03.03"]
[SourceVersion "1"]
[SourceVersionDate "2010.03.03"]
[SourceQuality "1"]

1. e4 c6 2. d4 d5 3. Nd2 dxe4 4. Nxe4 Bf5 5. Ng3 Bg6 6. h4 h6 7. Nf3 Nd7 8. h5 Bh7 9. Bd3 Bxd3 10. Qxd3 e6 11. Bd2 Qc7 12. 0-0-0 Ngf6 13. Qe2 0-0-0 14. Ne5 Nb6 15. Ba5 Rd5 16. Bxb6 axb6 17. c4 Rd8 18. f4 c5 19. dxc5 Bxc5 20. Kb1 Rxd1+ 21. Rxd1 Rd8 22. Rxd8+ Kxd8 23. Ne4 Ke7 24. Nc3 Bd6 1/2-1/2

[Event "Bosnjaci op 15th"]
[Site "Bosnjaci"]
[Date "2010.01.04"]
[Round "2"]
[White "Velchev, Hristo"]
[Black "Djermic, Ivan"]
[Result "1-0"]
[WhiteElo "2298"]
[BlackElo "2077"]
[PlyCount "68"]
[EventDate "2010.01.03"]
[EventType "swiss"]
[EventRounds "9"]
[EventCountry "CRO"]
[SourceTitle "CBM 134 Extra"]
[Source "ChessBase"]
[SourceDate "2010.03.03"]
[SourceVersion "1"]
[SourceVersionDate "2010.03.03"]
[SourceQuality "1"]

1. e4 e5 2. Nf3 f6 3. Nxe5 g6 4. Nf3 Bg7 5. Nc3 c6 6. d4 d6 7. Bf4 Qe7 8. Qd2 g5 9. Bg3 h5 10. h4 g4 11. Ng1 Nh6 12. Nge2 Nf7 13. 0-0-0 b5 14. Nf4 Bh6 15. Kb1 a5 16. d5 b4 17. Na4 c5 18. Nb6 0-0 19. Nxa8 Qa7 20. Qe1 Qxa8 21. Nxh5 Nd7 22. Be2 Nfe5 23. f4 gxf3 24. gxf3 Ba6 25. Bf4 Bxf4 26. Nxf4 Bxe2 27. Qxe2 Kf7 28. Ne6 Rh8 29. f4 Ng6 30. Rdg1 Rh7 31. Qg4 Qg8 32. Nd8+ Ke8 33. Nb7 Rg7 34. Nxd6+ Kd8 1-0

[Event "BUL-ch Students"]
[Site "Sofia"]
[Date "2009.11.08"]
[Round "7"]
[White "Velchev, Hristo"]
[Black "Enchev, Ivajlo"]
[Result "1/2-1/2"]
[WhiteElo "2281"]
[BlackElo "2416"]
[PlyCount "65"]
[EventDate "2009.11.04"]
[EventType "swiss"]
[EventRounds "7"]
[EventCountry "BUL"]
[SourceTitle "EXT 2010"]
[Source "ChessBase"]
[SourceDate "2010.11.25"]
[SourceVersion "1"]
[SourceVersionDate "2010.11.25"]
[SourceQuality "1"]

1. e4 e5 2. Nf3 Nc6 3. d4 exd4 4. Nxd4 Bc5 5. Nb3 Bb4+ 6. Bd2 Bxd2+ 7. Qxd2 Nf6 8. Nc3 0-0 9. 0-0-0 Re8 10. f3 d6 11. Nd4 Nxd4 12. Qxd4 Be6 13. Bc4 Bxc4 14. Qxc4 Qe7 15. Nd5 Nxd5 16. Qxd5 Qe6 17. Rd2 Qxd5 18. Rxd5 Re5 19. Rhd1 Rxd5 20. Rxd5 Kf8 21. e5 dxe5 22. Rxe5 Rd8 23. c3 f6 24. Re3 Kf7 25. Kc2 Rd6 26. Rd3 Ke6 27. Rxd6+ Kxd6 28. Kd3 Kd5 29. c4+ Ke5 30. Ke3 g5 31. g3 c5 32. b3 h6 33. h3 1/2-1/2

[Event "BUL-ch Students"]
[Site "Sofia"]
[Date "2009.11.07"]
[Round "5"]
[White "Velchev, Hristo"]
[Black "Kukov, Velislav"]
[Result "0-1"]
[WhiteElo "2281"]
[BlackElo "2350"]
[PlyCount "68"]
[EventDate "2009.11.04"]
[EventType "swiss"]
[EventRounds "7"]
[EventCountry "BUL"]
[SourceTitle "EXT 2010"]
[Source "ChessBase"]
[SourceDate "2010.11.25"]
[SourceVersion "1"]
[SourceVersionDate "2010.11.25"]
[SourceQuality "1"]

1. e4 c6 2. d4 d5 3. Nc3 dxe4 4. Nxe4 Bf5 5. Ng3 Bg6 6. h4 h6 7. Nf3 Nd7 8. h5 Bh7 9. Bd3 Bxd3 10. Qxd3 e6 11. Bd2 Qc7 12. 0-0-0 Bd6 13. Ne4 Ngf6 14. Nxd6+ Qxd6 15. Qe2 b5 16. Kb1 Qd5 17. Ne5 Rc8 18. f3 Nb6 19. g4 Nfd7 20. Bc1 Nxe5 21. dxe5 Qc4 22. Qf2 Nd5 23. f4 c5 24. g5 Rc6 25. f5 Ra6 26. a3 Rxa3 27. bxa3 Nc3+ 28. Kb2 b4 29. Be3 bxa3+ 30. Kc1 a2 31. Qf3 a1Q+ 32. Kd2 Ne4+ 33. Ke1 Qac3+ 34. Rd2 Qd5 0-1

[Event "Vidin op"]
[Site "Vidin"]
[Date "2009.10.24"]
[Round "4"]
[White "Todorov, Ognjan"]
[Black "Velchev, Hristo"]
[Result "1/2-1/2"]
[WhiteElo "2314"]
[BlackElo "2281"]
[PlyCount "45"]
[EventDate "2009.10.23"]
[EventType "swiss"]
[EventRounds "7"]
[EventCountry "BUL"]
[SourceTitle "EXT 2010"]
[Source "ChessBase"]
[SourceDate "2010.11.25"]
[SourceVersion "1"]
[SourceVersionDate "2010.11.25"]
[SourceQuality "1"]

1. d4 d5 2. Nf3 e6 3. c4 c5 4. cxd5 exd5 5. g3 Nc6 6. Bg2 Nf6 7. 0-0 Be7 8. dxc5 Bxc5 9. Bg5 0-0 10. Nc3 d4 11. Ne4 Be7 12. Bxf6 Bxf6 13. Ne1 Re8 14. Nd3 Bf5 15. Nec5 Qe7 16. Re1 Ne5 17. Rc1 Rac8 18. Ne4 Nc6 19. Nec5 Ne5 20. Ne4 Nc6 21. Nec5 Ne5 22. Ne4 Nc6 23. Nec5 1/2-1/2

[Event "Vidin op"]
[Site "Vidin"]
[Date "2009.10.24"]
[Round "3"]
[White "Velchev, Hristo"]
[Black "Filev, Georgi"]
[Result "1/2-1/2"]
[WhiteElo "2281"]
[BlackElo "2395"]
[PlyCount "61"]
[EventDate "2009.10.23"]
[EventType "swiss"]
[EventRounds "7"]
[EventCountry "BUL"]
[SourceTitle "EXT 2010"]
[Source "ChessBase"]
[SourceDate "2010.11.25"]
[SourceVersion "1"]
[SourceVersionDate "2010.11.25"]
[SourceQuality "1"]

1. e4 c5 2. c3 Nf6 3. e5 Nd5 4. d4 cxd4 5. Nf3 e6 6. cxd4 d6 7. a3 Bd7 8. Bd3 Bc6 9. 0-0 Nd7 10. b4 a6 11. Re1 Be7 12. Nbd2 dxe5 13. dxe5 Nc3 14. Qb3 Nc5 15. Qxc3 Nxd3 16. Rd1 Nf4 17. Qe3 Ba4 18. Rf1 Nd5 19. Qd4 0-0 20. Ne4 Bc2 21. Bg5 Bxe4 22. Bxe7 Qxe7 23. Qxe4 Rac8 24. Rac1 h6 25. Rc2 Rc7 26. Rfc1 Rfc8 27. h3 Rc3 28. Kh2 Qd7 29. Rxc3 Rxc3 30. Rxc3 Nxc3 31. Qc4 1/2-1/2

[Event "Vidin op"]
[Site "Vidin"]
[Date "2009.10.23"]
[Round "2"]
[White "Kamenov, Valentin"]
[Black "Velchev, Hristo"]
[Result "0-1"]
[WhiteElo "1788"]
[BlackElo "2281"]
[PlyCount "104"]
[EventDate "2009.10.23"]
[EventType "swiss"]
[EventRounds "7"]
[EventCountry "BUL"]
[SourceTitle "EXT 2010"]
[Source "ChessBase"]
[SourceDate "2010.11.25"]
[SourceVersion "1"]
[SourceVersionDate "2010.11.25"]
[SourceQuality "1"]

1. e4 c5 2. Nf3 d6 3. d4 Nf6 4. Nc3 cxd4 5. Nxd4 a6 6. a4 e5 7. Nb3 Be7 8. Bg5 Be6 9. Bxf6 Bxf6 10. Nd5 Nd7 11. Be2 0-0 12. 0-0 Rc8 13. c4 Bg5 14. a5 Nf6 15. Bd3 Nxd5 16. cxd5 Bd7 17. Nd2 Rc5 18. b4 Rc3 19. Nb1 Rc1 20. Qe2 Qc7 21. Nd2 Rxa1 22. Rxa1 Qc3 23. Ra2 Qxb4 24. Nf3 Rc8 25. h4 Bc1 26. Rc2 Qxa5 27. Rxc8+ Bxc8 28. Qc2 Qc5 29. Qxc5 dxc5 30. Nxe5 Kf8 31. Kf1 b5 32. Ke2 c4 33. Bb1 Ke8 34. Kd1 Ba3 35. Nc6 Bd6 36. e5 Bc5 37. Bxh7 Bxf2 38. h5 Bd7 39. Nb8 Bg4+ 40. Kc2 Bg3 41. Nxa6 Bxe5 42. Nb4 Bxh5 43. Bf5 Bd6 44. Nc6 b4 45. Be4 Bg4 46. Nd4 g6 47. Nb5 Ke7 48. Nd4 f5 49. Bf3 Bxf3 50. gxf3 Kf6 51. Nc6 g5 52. Nd4 g4 0-1

[Event "Radomir op"]
[Site "Radomir"]
[Date "2009.09.27"]
[Round "7"]
[White "Velchev, Hristo"]
[Black "Mladenov, Emil"]
[Result "1-0"]
[WhiteElo "2261"]
[BlackElo "2117"]
[PlyCount "55"]
[EventDate "2009.09.26"]
[EventType "swiss"]
[EventRounds "7"]
[EventCountry "BUL"]
[SourceTitle "EXT 2010"]
[Source "ChessBase"]
[SourceDate "2010.11.25"]
[SourceVersion "1"]
[SourceVersionDate "2010.11.25"]
[SourceQuality "1"]

1. e4 d5 2. exd5 Nf6 3. d4 Qxd5 4. Nc3 Qa5 5. Bc4 c6 6. Bd2 Bf5 7. Nf3 e6 8. Nd5 Qd8 9. Nxf6+ Qxf6 10. Qe2 Nd7 11. 0-0-0 h6 12. Bc3 Qe7 13. Ne5 Nxe5 14. dxe5 Qg5+ 15. Kb1 Bc5 16. f3 Rd8 17. g4 Rxd1+ 18. Rxd1 Bh7 19. a3 0-0 20. Rd7 b5 21. Bd3 Bxd3 22. Qxd3 Bb6 23. Qd6 c5 24. Qd3 Qf4 25. h4 c4 26. Qd1 h5 27. Qe2 Qg3 28. Be1 1-0

[Event "Radomir op"]
[Site "Radomir"]
[Date "2009.09.27"]
[Round "6"]
[White "Vlashki, Nino"]
[Black "Velchev, Hristo"]
[Result "1/2-1/2"]
[WhiteElo "2288"]
[BlackElo "2261"]
[PlyCount "69"]
[EventDate "2009.09.26"]
[EventType "swiss"]
[EventRounds "7"]
[EventCountry "BUL"]
[SourceTitle "EXT 2010"]
[Source "ChessBase"]
[SourceDate "2010.11.25"]
[SourceVersion "1"]
[SourceVersionDate "2010.11.25"]
[SourceQuality "1"]

1. e4 c5 2. Nf3 d6 3. Bb5+ Bd7 4. Bxd7+ Qxd7 5. c4 Nf6 6. Nc3 Nc6 7. d4 cxd4 8. Nxd4 Qg4 9. Qxg4 Nxg4 10. Nxc6 bxc6 11. Bf4 g6 12. h3 Ne5 13. Bxe5 dxe5 14. Na4 Rb8 15. h4 Rb4 16. b3 e6 17. h5 Rb7 18. hxg6 fxg6 19. Ke2 h5 20. Rad1 h4 21. Nb2 Bc5 22. Nd3 Bd4 23. f4 Rf7 24. fxe5 g5 25. c5 g4 26. Nf4 Rxf4 27. Rxd4 h3 28. Ke3 Rff8 29. gxh3 Rf3+ 30. Ke2 Rfxh3 31. Rhd1 Rh2+ 32. Ke3 0-0 33. Rd8 Rh3+ 34. Ke2 Rh2+ 35. Ke3 1/2-1/2

[Event "Sliven op 16th"]
[Site "Sliven"]
[Date "2009.09.06"]
[Round "9"]
[White "Velchev, Hristo"]
[Black "Kozhuharov, Spas"]
[Result "1/2-1/2"]
[WhiteElo "2281"]
[BlackElo "2391"]
[PlyCount "71"]
[EventDate "2009.09.04"]
[EventType "swiss"]
[EventRounds "9"]
[EventCountry "BUL"]
[SourceTitle "CBM 132 Extra"]
[Source "ChessBase"]
[SourceDate "2009.11.03"]
[SourceVersion "1"]
[SourceVersionDate "2009.11.03"]
[SourceQuality "1"]

1. e4 c5 2. c3 Nf6 3. e5 Nd5 4. d4 cxd4 5. Nf3 d6 6. cxd4 Nc6 7. Bc4 dxe5 8. dxe5 Ndb4 9. Qxd8+ Nxd8 10. Na3 a6 11. 0-0 Ndc6 12. h3 Bf5 13. Be3 e6 14. Rfd1 Be7 15. Be2 0-0 16. Nc4 Rfd8 17. Nb6 Rxd1+ 18. Rxd1 Rd8 19. Rxd8+ Bxd8 20. a3 Nd3 21. Bxd3 Bxd3 22. Nd7 Be4 23. Nc5 Bxf3 24. gxf3 Nxe5 25. f4 Nc4 26. Nxb7 Bf6 27. b4 Nxa3 28. Nc5 Kf8 29. Nxa6 Ke8 30. Nc5 Bc3 31. Nd3 Kd7 32. Bc5 Kc6 33. Kg2 Nc2 34. Kf3 Kb5 35. Bf8 g6 36. Kg4 1/2-1/2

[Event "Sliven op 16th"]
[Site "Sliven"]
[Date "2009.09.05"]
[Round "6"]
[White "Drenchev, Petar"]
[Black "Velchev, Hristo"]
[Result "1-0"]
[WhiteElo "2480"]
[BlackElo "2281"]
[PlyCount "73"]
[EventDate "2009.09.04"]
[EventType "swiss"]
[EventRounds "9"]
[EventCountry "BUL"]
[SourceTitle "CBM 132 Extra"]
[Source "ChessBase"]
[SourceDate "2009.11.03"]
[SourceVersion "1"]
[SourceVersionDate "2009.11.03"]
[SourceQuality "1"]

1. e4 c5 2. Nf3 d6 3. Bb5+ Bd7 4. Bxd7+ Qxd7 5. c4 Nf6 6. Nc3 Nc6 7. 0-0 g6 8. d4 cxd4 9. Nxd4 Bg7 10. Nde2 0-0 11. f3 Rfd8 12. Bg5 Rac8 13. Rc1 Qe8 14. b3 Qf8 15. Qd2 h6 16. Be3 Kh7 17. Rfd1 h5 18. Nd5 e6 19. Ndc3 Rd7 20. h3 Rcd8 21. Nb5 Bh6 22. Rc2 a6 23. Nbd4 Bxe3+ 24. Qxe3 Qh6 25. Qxh6+ Kxh6 26. Rcd2 Nxd4 27. Rxd4 Kg7 28. Nc3 Kf8 29. Na4 Ke7 30. Kf2 Rc7 31. Nc3 Rdd7 32. R4d3 Rc5 33. Na4 Rc6 34. Nc3 Rc5 35. a4 Rc6 36. g4 hxg4 37. hxg4 1-0

[Event "Thessaloniki Triandria op 2nd"]
[Site "Thessaloniki"]
[Date "2009.05.03"]
[Round "8"]
[White "Velchev, Hristo"]
[Black "Shavtvaladze, Nikoloz"]
[Result "1/2-1/2"]
[WhiteElo "2284"]
[BlackElo "2454"]
[PlyCount "112"]
[EventDate "2009.04.27"]
[EventType "swiss"]
[EventRounds "9"]
[EventCountry "GRE"]
[SourceTitle "CBM 130 Extra"]
[Source "ChessBase"]
[SourceDate "2009.07.02"]
[SourceVersion "2"]
[SourceVersionDate "2009.07.15"]
[SourceQuality "1"]

1. e4 g6 2. d4 Bg7 3. Nc3 c6 4. Be3 Qb6 5. Rb1 d6 6. Bc4 Nf6 7. f3 0-0 8. Qd2 Qc7 9. a4 Nbd7 10. Ba2 a6 11. Nge2 b5 12. 0-0 b4 13. Nd1 a5 14. c4 e5 15. Nf2 exd4 16. Nxd4 Nc5 17. b3 Bb7 18. Rfd1 Rad8 19. Rbc1 Rd7 20. Bh6 Qd8 21. Bb1 Nh5 22. Bxg7 Nxg7 23. Ng4 h5 24. Ne3 Nge6 25. Bc2 Qf6 26. Ne2 Rfd8 27. Nd4 Qe5 28. Nxe6 fxe6 29. Qf2 Rf8 30. Rd2 Qf6 31. Rcd1 e5 32. Qg3 Kh7 33. Qh3 Rfd8 34. g4 Qg5 35. Kf2 h4 36. Ng2 d5 37. exd5 cxd5 38. Qxh4+ Qxh4+ 39. Nxh4 dxc4 40. Rxd7+ Rxd7 41. Rxd7+ Nxd7 42. bxc4 Nc5 43. Bxg6+ Kg8 44. Nf5 b3 45. Nd6 e4 46. Nb5 b2 47. Nc3 exf3 48. Bc2 Kg7 49. Nb1 Bc6 50. Nd2 Nxa4 51. Bxa4 Bxa4 52. Kxf3 Bc2 53. Ke3 a4 54. Kd4 b1Q 55. Nxb1 Bxb1 56. Kc3 Be4 1/2-1/2